[Event "Vinnytsia Olkhovsky Memorial 8th"]
[Site "Vinnytsia"]
[Date "2021.07.10"]
[Round "1"]
[White "Bilych, Olexiy"]
[Black "Darmin, Denys"]
[Result "1-0"]
[WhiteElo "2288"]
[BlackElo "1457"]
[PlyCount "93"]
[EventDate "2021.07.10"]
[EventType "swiss (rapid)"]
[EventRounds "9"]
[EventCountry "UKR"]
[SourceTitle "CBM 203 Extra"]
[Source "ChessBase"]
[SourceDate "2021.09.30"]
[SourceVersion "1"]
[SourceVersionDate "2021.09.30"]
[SourceQuality "1"]

1. d4 d6 2. Nf3 Nf6 3. c4 g6 4. Nc3 Bg7 5. g3 0-0 6. Bg2 c6 7. 0-0 Na6 8. e4 Nc7 9. Re1 Rb8 10. e5 Nd7 11. Bg5 f6 12. exd6 exd6 13. Bf4 Nb6 14. Bxd6 Qxd6 15. c5 Qd8 16. cxb6 axb6 17. Qb3+ Nd5 18. Nd2 Kh8 19. Nxd5 cxd5 20. Bxd5 Bh3 21. Nf3 Qd6 22. Be6 f5 23. Ne5 Qxd4 24. Nf7+ Rxf7 25. Bxf7 f4 26. Qd5 Qxb2 27. Rab1 Qc3 28. Re4 Bf5 29. Rc4 Qa3 30. Rbc1 fxg3 31. hxg3 Qa5 32. Be6 h5 33. Qxa5 bxa5 34. Bxf5 gxf5 35. Rc8+ Rxc8 36. Rxc8+ Kh7 37. Rc7 Kg6 38. Rxb7 Bc3 39. Kg2 Kg5 40. Rb6 h4 41. f4+ Kg4 42. Rg6+ Kh5 43. Rg5+ Kh6 44. gxh4 Bd2 45. Rxf5 Kg6 46. Rg5+ Kf6 47. Kf3 1-0